000 00310nam a22001457a 4500
020 _a81-8022-015-X
082 _a920
_bDEO/L
100 _aDEO,SUBHASH G.
245 _aLAVOISIER
250 _aFIRST
260 _aDELHI
_bPRIORITY PUBLICATION
_c2004
300 _a74
650 _aBIOGRAPHY
_zDELHI
942 _cBK
999 _c6378
_d6378